India: moods and memories (Record no. 491916)

000 -LEADER
fixed length control field 00364cam a22000977a 4500
008 - FIXED-LENGTH DATA ELEMENTS--GENERAL INFORMATION
fixed length control field 180718b2006 xxu||||| |||| 00| 0 eng d
245 ## - TITLE STATEMENT
Title India: moods and memories
Statement of responsibility, etc. by External Publicity Division, Ministry of External Affairs
260 ## - PUBLICATION, DISTRIBUTION, ETC.
Place of publication, distribution, etc. Delhi
Name of publisher, distributor, etc. Living Media India
Date of publication, distribution, etc. 2006
300 ## - PHYSICAL DESCRIPTION
Extent 381p.
700 ## - ADDED ENTRY--PERSONAL NAME
Personal name India. Ministry of External Affairs. External Publicity Division
Holdings
Withdrawn status Lost status Damaged status Not for loan Permanent Location Current Location Date acquired Barcode Date last seen Price effective from Koha item type
        Indian Institute of Public Administration Indian Institute of Public Administration 2018-08-04 GG28423 2018-08-04 2018-08-04 GG

Powered by Koha